Lana Del Rey - Honeymoon - Statistics

General Stats
  • This quiz has been taken 19 times
  • The average score is 11 of 14
Answer Stats
2015 Honeymoon % Correct
6 Freak
100%
1 Honeymoon
94%
12 24
88%
13 Swan Song
88%
7 Art Deco
81%
10 Salvatore
81%
9 Religion
75%
3 Terrence Loves You
75%
11 The Blackest Day
75%
8 Burnt Norton - Interlude
69%
4 God Knows I Tried
69%
5 High By The Beach
69%
2 Music To Watch Boys To
69%
14 Don't Let Me Be Misunderstood
56%
No matching quizzes found
Score Distribution
Percent of People with Each Score
Percentile by Number Answered
Your Score History
You have not taken this quiz